书目信息 |
| 题名: |
化工小商品生产法
|
|
| 作者: | 韩长日 , 宋小平 编著 | |
| 分册: | 第九集 | |
| 出版信息: | 长沙 湖南科学技术出版社 1991.10 |
|
| 页数: | 361页 | |
| 开本: | 19cm | |
| 丛书名: | ||
| 单 册: | ||
| 中图分类: | TQ-62 | |
| 科图分类: | ||
| 主题词: | 化学工业 | |
| 电子资源: | ||
| ISBN: | 7-5357-0920-6 | |
| 000 | 00775nam0 2200229 45 | |
| 001 | 0192014697 | |
| 005 | 20051114111131.01 | |
| 010 | @a7-5357-0920-6@dCNY5.00 | |
| 100 | @a19920527d1991 em y0chiy0121 ea | |
| 101 | 0 | @achi |
| 102 | @aCN@b430000 | |
| 105 | @ay z 000yy | |
| 200 | 10 | @a化工小商品生产法@AHUA GONG XIAO SHANG PIN SHENG CHAN FA@h第九集@f韩长日,宋小平编著@FHAN CHANG RI ,SONG XIAO PING BIAN ZHU |
| 210 | @a长沙@c湖南科学技术出版社@d1991.10 | |
| 215 | @a361页@d19cm | |
| 330 | @a本集精选出400余例产品的生产方法,并对大多数产品的性能、用途、配方、质量标准等作了介绍。 | |
| 606 | 0 | @a化学工业 |
| 690 | @aTQ-62 | |
| 701 | 0 | @a韩长日@AHAN CHANG RI@4编著 |
| 701 | 0 | @a宋小平@ASONG XIAO PING@4编著 |
| 801 | 0 | @aCN@bNLC@c20051114 |
| 905 | @f1@b246746@dTQ-62@e15:9 | |
| 化工小商品生产法.第九集/韩长日,宋小平编著.-长沙:湖南科学技术出版社,1991.10 |
| 361页;19cm |
| ISBN 7-5357-0920-6:CNY5.00 |
| 本集精选出400余例产品的生产方法,并对大多数产品的性能、用途、配方、质量标准等作了介绍。 |
| ● |
| 相关链接 |
|
|
|
|
正题名:化工小商品生产法
索取号:TQ-62/15:9
 
预约/预借
| 序号 | 登录号 | 条形码 | 馆藏地/架位号 | 状态 | 备注 |
| 1 | 0246746 | 001646384 | 第三借阅区/ [索取号:TQ-62/15:9] | 在馆 | |
| 2 | 0246747 | 202146196 | 密集书库/ [索取号:TQ-62/15:9] | 在馆 | |
| 3 | 0246748 | 001646295 | 第二样本阅览室/ [索取号:TQ-62/15:9] | 在馆 |